| 000 -LEADER |
| fixed length control field |
00739nam a22002177a 4500 |
| 003 - CONTROL NUMBER IDENTIFIER |
| control field |
OSt |
| 005 - DATE AND TIME OF LATEST TRANSACTION |
| control field |
20210426093733.0 |
| 008 - FIXED-LENGTH DATA ELEMENTS--GENERAL INFORMATION |
| fixed length control field |
201229s2012 ||||| |||| 00| 0 eng d |
| 020 ## - INTERNATIONAL STANDARD BOOK NUMBER |
| International Standard Book Number |
9781605476353 |
| 040 ## - CATALOGING SOURCE |
| Original cataloging agency |
eng |
| Language of cataloging |
eng |
| Transcribing agency |
DLC |
| 041 ## - LANGUAGE CODE |
| Language code of text/sound track or separate title |
eng |
| 080 ## - UNIVERSAL DECIMAL CLASSIFICATION NUMBER |
| Universal Decimal Classification number |
616-08 |
| Item number |
C-27 |
| 100 ## - MAIN ENTRY--PERSONAL NAME |
| 9 (RLIN) |
636 |
| Personal name |
Carter, J. Pamela |
| 245 ## - TITLE STATEMENT |
| Title |
Student Book for Lippincott's Textbook for Nursing Assistants |
| Statement of responsibility, etc. |
: A Humanistic Approach to Caregiving |
| Remainder of title |
/ by: Wolters Kluwer / Lippincott Williams and Wilkins |
| 250 ## - EDITION STATEMENT |
| Edition statement |
3rd edition |
| 260 ## - PUBLICATION, DISTRIBUTION, ETC. |
| Place of publication, distribution, etc. |
Philadelphia |
| Name of publisher, distributor, etc. |
Wolters Kluwer / Lippincott Williams and Wilkins |
| Date of publication, distribution, etc. |
2012 |
| 300 ## - PHYSICAL DESCRIPTION |
| Extent |
862p. |
| Other physical details |
ill. |
| Accompanying material |
1 CD |
| 650 #0 - SUBJECT ADDED ENTRY--TOPICAL TERM |
| 9 (RLIN) |
285 |
| Topical term or geographic name entry element |
Patient Care |
| 653 ## - INDEX TERM--UNCONTROLLED |
| Uncontrolled term |
პაციენტის მოვლა |
| 942 ## - ADDED ENTRY ELEMENTS (KOHA) |
| Source of classification or shelving scheme |
|
| Koha item type |
Books |
| Edition |
3 |